Jak rozvíjet svou emoční inteligenci

Guardado en:
Detalles Bibliográficos
Autor principal: Kanitz, Anja von
Otros Autores: Hessová, Lucie
Formato: Libro
Lenguaje:checo
Publicado: Praha GRADA Publishing 2008
Colección:Poradce pro praxi
Materias:
Etiquetas: Agregar Etiqueta
Sin Etiquetas, Sea el primero en etiquetar este registro!

MARC

LEADER 00000nam$a2200000$$$4500
001 0090224
005 20240313133047.1
020 |a 978-80-247-2582-6 
041 0 |a cze 
044 |a CZ 
245 1 0 |a Jak rozvíjet svou emoční inteligenci  |c Anja von Kanitz ; překlad: Lucie Hessová 
264 1 |a Praha  |b GRADA Publishing  |c 2008 
300 |a 103 s. 
490 1 |a Poradce pro praxi 
830 0 |a Poradce pro praxi 
610 2 0 |a psychológia 
610 2 0 |a inteligencia 
610 2 0 |a inteligencia emocionálna 
610 2 0 |a empatia 
610 2 0 |a sebapoznanie 
610 2 0 |a osobnosť 
610 2 0 |a sebariadenie 
610 2 0 |a úspech pracovný 
610 2 0 |a sebahodnotenie 
100 1 |a Kanitz, Anja von 
700 1 |a Hessová, Lucie